Značka ako súčasť marketingovej stratégie

Poukázanie nie len na samotnú značku, ako súčasť marketingovej stratégie, ale taktiež na rozdielnosť pojmov, ako branding a rebranding, ktoré si môžu častokrát nie len spotrebitelia, ale aj samotné podniky zamieňať.

Guardado en:
Detalles Bibliográficos
Autor principal: Kopčáková, Janka, 1994-
Otros Autores: Boltun, Erik, 1984-
Formato: Capítulo de libro
Lenguaje:eslovaco
Materias:
Etiquetas: Agregar Etiqueta
Sin Etiquetas, Sea el primero en etiquetar este registro!

MARC

LEADER 00000naa$a2200000$$$4500
001 0305897
005 20250108141326.5
041 0 |a slo 
044 |a SK 
245 1 0 |a Značka ako súčasť marketingovej stratégie  |c Janka Kopčáková, Erik Boltun 
520 |a Poukázanie nie len na samotnú značku, ako súčasť marketingovej stratégie, ale taktiež na rozdielnosť pojmov, ako branding a rebranding, ktoré si môžu častokrát nie len spotrebitelia, ale aj samotné podniky zamieňať. 
610 2 0 |a značky 
610 2 0 |a stratégia marketingová 
610 2 0 |a preferencie spotrebiteľské 
610 2 0 |a podnik 
610 2 0 |a prezentácia firemná 
610 2 0 |a budovanie značky 
100 1 |a Kopčáková, Janka, 1994- 
700 1 |a Boltun, Erik, 1984-